| 000 | 00467nam a2200193Ia 4500 | ||
|---|---|---|---|
| 008 | 170918s9999 xx 000 0 und d | ||
| 020 | _a9780439785105 | ||
| 050 | _bM626 1997 | ||
| 100 | _aMicucci, Charles | ||
| 245 | 4 | _aThe life and times of the peanut / | |
| 245 | _cCharles Micucci. | ||
| 260 | _aNew York : | ||
| 260 | _bScholastic, | ||
| 260 | _c1997 | ||
| 300 | _a32 pages : | ||
| 300 | _bcolored illustration ; | ||
| 300 | _c23cm. | ||
| 500 | _a980 | ||
| 999 |
_c342156 _d342156 |
||